000 00678nam a2200241Ia 4500
003 OSt
005 20220926034836.0
006 a|||||r|||| 00| 0
007 ta
008 220923b |||||||| |||| 00| 0 eng d
020 _a1567201563
037 _cGeneral Book
040 _aRTL
_cRTL
_beng
041 _2eng
_aeng
082 _aX991, N8
100 _aSchniederjans M J
_9341272
245 0 _aOperations management in a global context
260 _aWestport
_bQuorum Books
_c1998
300 _axiii, 188p Bibliography chapterwise
_ccm.
650 _aGlobalization
942 _hX991, N8
_cGB
_2CC
999 _c660519
_d660519